000 00466nam a2200169Ia 4500
005 20250508153042.0
008 008 250505s9999 xx 000 0 hin d
037 _aBooks to be hide in OPAC
040 _aFEDL
_beng
_cFEDL
041 _ahin
_2eng
084 _a491.430 7, SAF/O
_qFEDL
100 _aSafaya Raghu Nath
_9760935
245 0 _aHindi shikshan vidhi
300 _a328p.
942 _cHB
_h491.430 7, SAF/O
999 _c1340391
_d1340391